<The> Process of management concepts, behavior, and practice
Salvato in:
| Autore principale: | |
|---|---|
| Altri autori: | , |
| Natura: | Libro |
| Lingua: | inglese |
| Pubblicazione: |
Englewood Cliffs
Prentice-Hall
1967
|
| Edizione: | 2. ed. |
| Soggetti: | |
| Tags: |
Nessun Tag, puoi essere il primo ad aggiungerne!!
|
MARC
| LEADER | 00000nam a2200000 4500 | ||
|---|---|---|---|
| 001 | c002053 | ||
| 005 | 20221220103319.1 | ||
| 041 | 0 | |a eng | |
| 044 | |a US | ||
| 245 | 1 | 0 | |a <The> Process of management |b concepts, behavior, and practice |c William H. Newman, Charles E. Summer, E. Kirby Warren |
| 250 | |a 2. ed. | ||
| 264 | 1 | |a Englewood Cliffs |b Prentice-Hall |c 1967 | |
| 300 | |a 787 s. | ||
| 610 | 2 | 0 | |a manažment |
| 610 | 2 | 0 | |a riadenie podnikové |
| 610 | 2 | 0 | |a koncepcie |
| 610 | 2 | 0 | |a teória riadenia |
| 610 | 2 | 0 | |a správanie |
| 610 | 2 | 0 | |a práca riadiaca |
| 610 | 2 | 0 | |a organizácia riadenia |
| 610 | 2 | 0 | |a činiteľ ľudský |
| 610 | 2 | 0 | |a plánovanie podnikové |
| 610 | 2 | 0 | |a rozhodovanie podnikové |
| 610 | 2 | 0 | |a vedenie |
| 610 | 2 | 0 | |a rozbory činnosti hospodárskej |
| 610 | 2 | 0 | |a teória a prax |
| 100 | 1 | |a Newman, William H. | |
| 700 | 1 | |a Summer, Charles E. | |
| 700 | 1 | |a Warren, E. Kirby | |